Soil properties, testing, measurement, and evaluation (Record no. 71380)
[ view plain ]
| 000 -LEADER | |
|---|---|
| fixed length control field | 00516nam a22001937a 4500 |
| 008 - FIXED-LENGTH DATA ELEMENTS--GENERAL INFORMATION | |
| fixed length control field | 000000b xxu||||| |||| 00| 0 und d |
| 020 ## - INTERNATIONAL STANDARD BOOK NUMBER | |
| International Standard Book Number | 0-13-020069-7 |
| 041 ## - LANGUAGE CODE | |
| Language code of text/sound track or separate title | Eng |
| 082 ## - DEWEY DECIMAL CLASSIFICATION NUMBER | |
| Classification number | 624.151360287 |
| Item number | L698 |
| 100 ## - MAIN ENTRY--PERSONAL NAME | |
| Personal name | Evett, Jack B. |
| 100 ## - MAIN ENTRY--PERSONAL NAME | |
| Personal name | Liu, Cheng |
| 245 ## - TITLE STATEMENT | |
| Title | Soil properties, testing, measurement, and evaluation |
| 260 ## - PUBLICATION, DISTRIBUTION, ETC. | |
| Place of publication, distribution, etc. | New Jersey |
| Name of publisher, distributor, etc. | Prentice Hall |
| Date of publication, distribution, etc. | 2000 |
| 300 ## - PHYSICAL DESCRIPTION | |
| Extent | ix, 401p. |
| 650 ## - SUBJECT ADDED ENTRY--TOPICAL TERM | |
| Topical term or geographic name entry element | Civil engineering |
| 650 ## - SUBJECT ADDED ENTRY--TOPICAL TERM | |
| Topical term or geographic name entry element | Soil mechanics |
| 650 ## - SUBJECT ADDED ENTRY--TOPICAL TERM | |
| Topical term or geographic name entry element | Soils testing |
| 942 ## - ADDED ENTRY ELEMENTS (KOHA) | |
| Koha item type | General Collections |
| Source of classification or shelving scheme | Dewey Decimal Classification |
No items available.
